00407nam a2200121Ia 4500008004100000082001800041100001800059245005600077260003000133365001000163630005600173730005600229100415s9999 xx 000 0 und d b21184a954.03 aMAYNE, PETER. aFriends In High Places.: A season in the Himalayas. aLONDONc1975bBODLEY HEAD b335.5 aFriends In High Places.: A season in the Himalayas. aFriends In High Places.: A season in the Himalayas.